000 00327 a2200145 4500
001 157547
020 _a978-958-30-2784-0
040 _cEscola São Tomás de Aquino
240 1 0 _aEl león y la araña
_lspa
245 1 0 _aEl león y la araña
300 _a36
362 0 _a2007
697 _aLiteratura latina
942 _cBK
999 _c157547
_d157547